Indovina l'aeroporto dal codice #2 - Statistics

Statistiche generali
  • Questo quiz è stato fatto 36 volte
  • Il punteggio medio è 7 su 15
Statistiche sulle risposte
Codice Città % Corretto
FRA Francoforte
87%
MUC Monaco
83%
GLA Glasgow
80%
EDI Edimburgo
77%
DXB Dubai
63%
CAI Cairo
43%
HND Tokyo
43%
ACC Accra
37%
AKL Auckland
37%
JNB Johannesburg
37%
BOM Mumbai
33%
SCL Santiago del Cile
27%
CGK Giacarta
23%
LOS Lagos
23%
INC Seoul
20%
Nessun quiz corrispondente trovato
Distribuzione punteggi
Percentuale di utenti per punteggio
Percentile per numero di risposta
I tuoi punteggi nel tempo
Non hai fatto questo quiz